| 000 | 00964nam a22002057a 4500 | ||
|---|---|---|---|
| 999 |
_c12746 _d12746 |
||
| 003 | AR-CdUCM | ||
| 008 | 190402b ||||| |||| 00| 0 spa d | ||
| 040 |
_aMUNICIPALIDAD PROVINCIAL DEL CUSCO _cBIBLIOTECA MUNICIPAL DEL CUSCO |
||
| 082 |
_a346.6 / _bB24 / |
||
| 100 |
_aBarandiaran, Jose Leon _99531 |
||
| 245 |
_aComentarios al código civil peruano : _bDerecho de obligaciones/ |
||
| 260 |
_aBuenos aires : _bEdiar sociedad anónima, _c1954. |
||
| 300 |
_a579 paginas ; _c23 cm. |
||
| 505 | _aContenido :t.1. De los vicios de voluntad -- De la simulación de los actos jurídicos -- Del fraude de los actos jurídicos -- De las modalidades de los actos jurídicos -- De la forma de los actos jurídicos -- t.2 : De las obligaciones y de sus modalidades -- De las obligaciones a dar... | ||
| 650 |
_aCódigo civil peruano _928279 |
||
| 650 |
_aDisposiciones generales _928280 |
||
| 650 |
_aOperación jurídica _928281 |
||
| 942 |
_2ddc _cLIBROS |
||
| 945 | _arum | ||